|
|
|
|
| LEADER |
00977nam a2200277 i 4500 |
| 001 |
994 |
| 003 |
BD-DhAAL |
| 005 |
20150910020003.0 |
| 008 |
141206s1976 nyuaf b 001 0 eng |
| 010 |
|
|
|a 76000282
|
| 020 |
|
|
|a 015572617X
|
| 040 |
|
|
|a DLC
|c DLC
|d DLC
|d BD-DhAAL
|
| 050 |
0 |
0 |
|a BF121
|b .K22 1976
|
| 082 |
0 |
0 |
|a 150
|
| 100 |
1 |
|
|a Kagan, Jerome.
|9 6574
|
| 245 |
0 |
0 |
|a Psychology :
|b an introduction /
|c Jerome Kagan, Ernest Havemann.
|
| 250 |
|
|
|a 3d ed.
|
| 260 |
|
|
|a New York :
|b Harcourt Brace Jovanovich,
|c c1976.
|
| 300 |
|
|
|a xiii, 597 p., [2] leaves of plates :
|b ill. ;
|c 27 cm.
|
| 504 |
|
|
|a Includes bibliographies and indexes.
|
| 541 |
|
|
|e 994
|
| 650 |
|
0 |
|a Psychology.
|9 6575
|
| 700 |
1 |
|
|a Havemann, Ernest,
|e joint author.
|9 6576
|
| 942 |
|
|
|2 ddc
|c BK
|0 1
|
| 999 |
|
|
|c 33224
|d 33224
|
| 952 |
|
|
|0 0
|1 0
|2 ddc
|4 0
|6 150_000000000000000_KAG
|7 0
|9 44351
|a BRACUL
|b BRACUL
|c GEN
|d 2014-12-06
|e Asia Foundation
|g 566.50
|l 4
|m 53
|o 150 KAG
|p 3010000994
|r 2024-11-26
|s 2024-09-04
|t 1
|w 2014-12-06
|y BK
|